[Event "DEM U14w 2004"]
[Site "Willingen GER"]
[Date "2004.05.30"]
[Round "1"]
[White "Jussupow, Ekaterina"]
[Black "van Orsouw, Svenja"]
[Result "1-0"]
[Termination "normal"]
[Board "4"]
[WhiteElo "1722"]
[BlackElo "1484"]
[PlyCount "61"]
[WhiteFideId "24625400"]
[BlackFideId "24677124"]
[EventCountry "GER"]
[EventRounds "9"]
[EventType "swiss"]
[EventDate "2004.05.29"]

1. d4 Nf6 2. Nf3 d6 3. Bg5 Nbd7 4. c4 g6 5. e3 Bg7 6. Nc3 O-O 7. Be2 c5 8. d5
b6 9. O-O h6 10. Bxf6 Bxf6 11. Qd2 Ne5 12. e4 Nxf3+ 13. Bxf3 Bg5 14. Qe2 Qc7
15. e5 Bb7 16. Nb5 Qb8 17. e6 a6 18. exf7+ Rxf7 19. Nc3 Bc8 20. Ne4 Bf4 21. Bg4
Kh7 22. Nc3 Be5 23. f4 Bxg4 24. Qxg4 Bd4+ 25. Kh1 Qc8 26. Qxc8 Rxc8 27. Rae1
Re8 28. g3 Bg7 29. Kg2 h5 30. Ne4 Bf6 31. Nxd6 1-0

[Event "DEM U14w 2004"]
[Site "Willingen GER"]
[Date "2004.05.30"]
[Round "1"]
[White "Weber, Kristina"]
[Black "Hannes, Diana"]
[Result "1-0"]
[Termination "normal"]
[Board "5"]
[WhiteElo "1482"]
[BlackElo "1692"]
[PlyCount "83"]
[BlackFideId "24611344"]
[EventCountry "GER"]
[EventRounds "9"]
[EventType "swiss"]
[EventDate "2004.05.29"]

1. d4 f5 2. c4 g6 3. Nc3 Nf6 4. Nf3 Bg7 5. Bf4 d6 6. Qd3 O-O 7. e3 Nbd7 8. Be2
c6 9. O-O Qe8 10. d5 Nc5 11. Qc2 Bd7 12. dxc6 Bxc6 13. Rac1 Nfe4 14. Nxe4 Bxe4
15. Qd2 Rd8 16. Ng5 Bc6 17. b4 e5 18. Bg3 Ne6 19. Nxe6 Qxe6 20. b5 Be8 21. c5
d5 22. Rfd1 Qf6 23. f3 Bf7 24. c6 bxc6 25. bxc6 Rc8 26. c7 Qb6 27. Qc3 f4 28.
Be1 e4 29. Qc5 Qxc5 30. Rxc5 Be5 31. Ba5 Be6 32. fxe4 fxe3 33. exd5 Bd7 34. d6
Rf5 35. Rdc1 Bxd6 36. Rxf5 Bxf5 37. Ba6 Kf7 38. Bxc8 Bxc8 39. Re1 Bc5 40. g3
Bb7 41. Re2 Ba6 42. Rc2 1-0

[Event "DEM U14w 2004"]
[Site "Willingen GER"]
[Date "2004.05.30"]
[Round "1"]
[White "Goergen, Barbara"]
[Black "Benzen, Marthe"]
[Result "1-0"]
[Termination "normal"]
[Board "6"]
[WhiteElo "1666"]
[BlackElo "1477"]
[PlyCount "49"]
[BlackFideId "24647764"]
[EventCountry "GER"]
[EventRounds "9"]
[EventType "swiss"]
[EventDate "2004.05.29"]

1. e4 Nc6 2. d4 d5 3. exd5 Qxd5 4. Nf3 Bg4 5. Be2 O-O-O 6. Be3 Nf6 7. h3 Qh5 8.
Rf1 Bxf3 9. Bxf3 Qa5+ 10. c3 Nd5 11. Nd2 e5 12. Nb3 Qb6 13. Bxd5 Rxd5 14. Qg4+
Kb8 15. O-O-O exd4 16. Nxd4 Ne5 17. Qe4 c6 18. Nxc6+ Qxc6 19. Qxd5 Qc7 20. Bf4
f6 21. Qd8+ Qc8 22. Bxe5+ fxe5 23. Qg5 Qc5 24. Rd8+ Kc7 25. Rfd1 1-0

[Event "DEM U14w 2004"]
[Site "Willingen GER"]
[Date "2004.05.30"]
[Round "1"]
[White "Gahn, Cornelia"]
[Black "Erben, Larissa"]
[Result "1-0"]
[Termination "normal"]
[Board "7"]
[WhiteElo "1457"]
[BlackElo "1651"]
[PlyCount "75"]
[BlackFideId "24634590"]
[EventCountry "GER"]
[EventRounds "9"]
[EventType "swiss"]
[EventDate "2004.05.29"]

1. e4 c5 2. Nf3 e6 3. d4 cxd4 4. Nxd4 a6 5. Nc3 Qc7 6. Be2 Bb4 7. Bd2 Nf6 8. f3
Nc6 9. Nxc6 bxc6 10. O-O d5 11. Bd3 Bd6 12. f4 d4 13. Ne2 e5 14. f5 c5 15. b3
Bb7 16. Ng3 O-O 17. Bg5 Nd7 18. f6 Nxf6 19. Bxf6 gxf6 20. Rxf6 Qe7 21. Qg4+ Kh8
22. Nh5 Rg8 23. Qf3 Raf8 24. Bc4 Rg5 25. Rf1 Bxe4 26. Qxe4 Rxh5 27. Qg4 Rxh2
28. Kxh2 Rg8 29. Qh5 e4+ 30. Kh1 e3 31. Rxf7 Qe4 32. Bd5 Qxc2 33. R7f5 e2 34.
Bxg8 exf1=Q+ 35. Rxf1 Qe4 36. Bc4 a5 37. Qh6 Qe8 38. Qf6# 1-0

[Event "DEM U14w 2004"]
[Site "Willingen GER"]
[Date "2004.05.30"]
[Round "1"]
[White "Hofmann, Christine"]
[Black "Karmann, Anna"]
[Result "1/2-1/2"]
[Termination "normal"]
[Board "8"]
[WhiteElo "1607"]
[BlackElo "1457"]
[PlyCount "90"]
[BlackFideId "24648000"]
[EventCountry "GER"]
[EventRounds "9"]
[EventType "swiss"]
[EventDate "2004.05.29"]

1. d4 d5 2. c4 e6 3. Nc3 Nf6 4. Nf3 Nbd7 5. e3 Be7 6. Bd3 O-O 7. Bd2 dxc4 8.
Bxc4 c5 9. O-O cxd4 10. exd4 Nb6 11. Be2 Bd7 12. Ne5 Bc6 13. Nxc6 bxc6 14. Be3
Nfd5 15. Bf3 Rc8 16. Rc1 Qd7 17. Ne4 Qb7 18. Qb3 Rc7 19. Nc5 Bxc5 20. Rxc5 Rfc8
21. Rfc1 Qa8 22. Be2 Nd7 23. R5c4 Rb8 24. Qa3 N7b6 25. R4c2 Nd7 26. Bd2 Rcb7
27. b3 Nb4 28. Bxb4 Rxb4 29. Rxc6 Rxd4 30. Rc7 a5 31. Bf3 Qa6 32. R1c6 Nb6 33.
Qe7 Rf8 34. Qc5 Qd3 35. h3 Nd7 36. Qxa5 Nf6 37. b4 Qb1+ 38. Rc1 Qxb4 39. Qxb4
Rxb4 40. Ra1 h6 41. a4 Rfb8 42. Rcc1 Nd5 43. Ra3 Ra8 44. Rd1 Raxa4 45. Rxa4
Rxa4 1/2-1/2

[Event "DEM U14w 2004"]
[Site "Willingen GER"]
[Date "2004.05.30"]
[Round "1"]
[White "Billing, Tanja"]
[Black "Zier, Verena"]
[Result "1/2-1/2"]
[Termination "normal"]
[Board "9"]
[WhiteElo "1449"]
[BlackElo "1605"]
[PlyCount "24"]
[WhiteFideId "24647993"]
[BlackFideId "24620602"]
[EventCountry "GER"]
[EventRounds "9"]
[EventType "swiss"]
[EventDate "2004.05.29"]

1. c4 e6 2. d4 d5 3. Bf4 Nf6 4. Nc3 Be7 5. Nf3 O-O 6. e3 c5 7. cxd5 Nxd5 8.
Nxd5 Qxd5 9. dxc5 Qxc5 10. Bd3 Qa5+ 11. Ke2 Bf6 12. Qc2 g6 1/2-1/2

[Event "DEM U14w 2004"]
[Site "Willingen GER"]
[Date "2004.05.30"]
[Round "1"]
[White "Hoffmann, Lena"]
[Black "Stellwagen, Katja"]
[Result "1-0"]
[Termination "normal"]
[Board "10"]
[WhiteElo "1589"]
[BlackElo "1433"]
[PlyCount "55"]
[WhiteFideId "24626597"]
[EventCountry "GER"]
[EventRounds "9"]
[EventType "swiss"]
[EventDate "2004.05.29"]

1. Nc3 e5 2. Nf3 Nc6 3. d4 exd4 4. Nxd4 Nxd4 5. Qxd4 Nf6 6. Bg5 Be7 7. e4 d6 8.
O-O-O O-O 9. Bc4 Nd7 10. Bxe7 Qxe7 11. f4 Nb6 12. Be2 Be6 13. g4 f6 14. h4 Rad8
15. Qe3 Qe8 16. f5 Bd7 17. g5 Bxf5 18. gxf6 Rxf6 19. Rdg1 Rg6 20. Rf1 Bd7 21.
Bh5 Qe6 22. Bxg6 Qxg6 23. Rhg1 Qh5 24. Qf4 Qe8 25. Rxg7+ Kxg7 26. Qf6+ Kg8 27.
Rg1+ Qg6 28. Qxd8+ 1-0

[Event "DEM U14w 2004"]
[Site "Willingen GER"]
[Date "2004.05.30"]
[Round "1"]
[White "Kuhn, Alena"]
[Black "Jehle, Anja"]
[Result "0-1"]
[Termination "normal"]
[Board "11"]
[WhiteElo "1401"]
[BlackElo "1582"]
[PlyCount "60"]
[BlackFideId "24631434"]
[EventCountry "GER"]
[EventRounds "9"]
[EventType "swiss"]
[EventDate "2004.05.29"]

1. f4 d5 2. Nf3 c5 3. g3 Nc6 4. Bg2 f6 5. O-O Bf5 6. d3 Qd7 7. Qe1 Bh3 8. Na3
Bxg2 9. Kxg2 O-O-O 10. Bd2 h6 11. c3 g5 12. fxg5 hxg5 13. b4 Qh3+ 14. Kg1 e6
15. Nc2 Bd6 16. Qf2 Nh6 17. Qg2 Ng4 18. Qxh3 Rxh3 19. Kg2 Rdh8 20. Rh1 Nce5 21.
Nce1 c4 22. d4 Ng6 23. Nc2 e5 24. dxe5 N6xe5 25. Nce1 Bc7 26. Rd1 Bb6 27. Ra1
Nf2 28. Rf1 Neg4 29. Nc2 Ne4 30. Bc1 Nxc3 0-1

[Event "DEM U14w 2004"]
[Site "Willingen GER"]
[Date "2004.05.30"]
[Round "1"]
[White "Vollak, Marleen"]
[Black "Ludwig, Lisa"]
[Result "1-0"]
[Termination "normal"]
[Board "12"]
[WhiteElo "1569"]
[BlackElo "1224"]
[PlyCount "95"]
[WhiteFideId "24624233"]
[BlackFideId "24671444"]
[EventCountry "GER"]
[EventRounds "9"]
[EventType "swiss"]
[EventDate "2004.05.29"]

1. d4 g6 2. c4 Bg7 3. Nc3 d6 4. e4 Nf6 5. Bg5 h6 6. Be3 O-O 7. f3 e5 8. d5 b6
9. Bd3 Bb7 10. Nge2 Nbd7 11. Qd2 Kh7 12. g4 Ng8 13. Ng3 Nc5 14. Bc2 a5 15. h4
Ba6 16. Nb5 Ne7 17. b3 Qd7 18. Nc3 Rac8 19. a4 Bb7 20. O-O-O Na6 21. Kb1 Nb4
22. Rdg1 Rb8 23. f4 exf4 24. Bxf4 Rbe8 25. Be3 Rb8 26. e5 Nxc2 27. Qxc2 Kg8 28.
Qd2 Kh7 29. h5 g5 30. Qd3+ Kg8 31. exd6 Qxd6 32. Nb5 Qd7 33. Nd4 Rfd8 34. Ndf5
Nxf5 35. Nxf5 Bf8 36. Qc3 c6 37. Bxb6 Rdc8 38. Bc5 Qd8 39. d6 Ba6 40. Ka2 Rb7
41. Rb1 Rcb8 42. Rhe1 Rd7 43. Re7 Bc8 44. Qf6 Rxe7 45. dxe7 Qd2+ 46. Ka1 Bxf5
47. exf8=Q+ Rxf8 48. Bd4 1-0

[Event "DEM U14w 2004"]
[Site "Willingen GER"]
[Date "2004.05.30"]
[Round "1"]
[White "Mai, Felicitas"]
[Black "Weiß, Katharina"]
[Result "0-1"]
[Termination "normal"]
[Board "13"]
[WhiteElo "1209"]
[BlackElo "1567"]
[PlyCount "118"]
[WhiteFideId "4635345"]
[BlackFideId "24692859"]
[EventCountry "GER"]
[EventRounds "9"]
[EventType "swiss"]
[EventDate "2004.05.29"]

1. e4 c5 2. Nf3 d6 3. Be2 Nc6 4. O-O g6 5. d3 Nf6 6. Be3 Bg7 7. c3 O-O 8. Nbd2
Qc7 9. Qc2 b6 10. d4 Bd7 11. e5 Bf5 12. Bd3 Bxd3 13. Qxd3 Ng4 14. exd6 exd6 15.
Bf4 Rad8 16. dxc5 dxc5 17. Bxc7 Rxd3 18. Rad1 Rc8 19. Bg3 Rcd8 20. Rfe1 Bh6 21.
h3 Nxf2 22. Bxf2 Bxd2 23. Nxd2 Rxd2 24. Re8+ Rxe8 25. Rxd2 Rd8 26. Rc2 Rd1+ 27.
Kh2 Ne5 28. Bg3 Nc4 29. Bf4 Kg7 30. b4 Rd5 31. b5 Nd6 32. c4 Rd3 33. a4 f6 34.
Re2 Kf7 35. Bxd6 Rxd6 36. Ra2 Rd4 37. a5 Ke6 38. axb6 axb6 39. Ra6 Rd6 40. Kg3
Ke5 41. Kf3 Kd4 42. Ra4 Kc3 43. Ra7 h5 44. Rc7 Kxc4 45. Rc6 Kd5 46. Rc8 Re6 47.
Kf4 Re4+ 48. Kf3 Rb4 49. Rc6 Rxb5 50. Rxf6 c4 51. Rxg6 Kd4 52. Ke2 Kc3 53. Rc6
Re5+ 54. Kf2 b5 55. g4 b4 56. Rh6 b3 57. Rxh5 Rxh5 58. gxh5 b2 59. h6 b1=Q 0-1

[Event "DEM U14w 2004"]
[Site "Willingen GER"]
[Date "2004.05.30"]
[Round "1"]
[White "Wolf, Carolin"]
[Black "Bäßler, Maike"]
[Result "0-1"]
[Termination "normal"]
[Board "14"]
[WhiteElo "1530"]
[BlackElo "884"]
[PlyCount "112"]
[WhiteFideId "24628034"]
[EventCountry "GER"]
[EventRounds "9"]
[EventType "swiss"]
[EventDate "2004.05.29"]

1. e4 c5 2. d4 cxd4 3. c3 dxc3 4. Nxc3 Nc6 5. Nf3 Nf6 6. Bc4 g6 7. O-O Bg7 8.
Qe2 O-O 9. Bf4 d6 10. Rfd1 a6 11. Rac1 Qc7 12. e5 dxe5 13. Nxe5 Bg4 14. f3 Be6
15. Bxe6 fxe6 16. Nd7 Qxf4 17. Nxf8 Rxf8 18. Qxe6+ Kh8 19. Ne2 Qc7 20. Kf1 Rd8
21. Rxd8+ Qxd8 22. Nf4 Qd2 23. Qc8+ Nd8 24. Ne6 Qd3+ 25. Ke1 Qe3+ 26. Kf1 Qxe6
27. Qxd8+ Ng8 28. b3 h5 29. Re1 Qf7 30. Rxe7 Qxe7 31. Qxe7 Nxe7 32. Ke2 Be5 33.
h3 Kg7 34. Kd3 Kf6 35. Kc4 b5+ 36. Kc5 Nc8 37. Kc6 Ke6 38. Kb7 Nd6+ 39. Kxa6
Kf5 40. a4 bxa4 41. bxa4 Kf4 42. Kb6 Kg3 43. a5 Nc8+ 44. Kb7 Bc3 45. a6 Bd4 46.
Kxc8 Kxg2 47. h4 Kxf3 48. Kd7 Kg4 49. Ke6 Kxh4 50. Kd5 Ba7 51. Ke4 g5 52. Kf3
g4+ 53. Kg2 g3 54. Kh1 Kg4 55. Kg2 h4 56. Kh1 Bc5 0-1

[Event "DEM U14w 2004"]
[Site "Willingen GER"]
[Date "2004.05.30"]
[Round "2"]
[White "Fuchs, Judith"]
[Black "Vollak, Marleen"]
[Result "1-0"]
[Termination "normal"]
[Board "1"]
[WhiteElo "1967"]
[BlackElo "1569"]
[PlyCount "47"]
[WhiteFideId "24605611"]
[BlackFideId "24624233"]
[EventCountry "GER"]
[EventRounds "9"]
[EventType "swiss"]
[EventDate "2004.05.29"]

1. e4 c5 2. Nc3 Nc6 3. Bb5 a6 4. Bxc6 bxc6 5. d3 g6 6. Be3 d6 7. Nge2 Bg7 8.
O-O e6 9. Qd2 Ne7 10. f4 O-O 11. Rab1 e5 12. fxe5 Bxe5 13. Bh6 Bg7 14. Bxg7
Kxg7 15. d4 Be6 16. dxc5 dxc5 17. Qg5 f5 18. Rbd1 Qc7 19. Nf4 Bc4 20. Ncd5 Bxd5
21. exd5 Qd6 22. dxc6 Qxc6 23. Qxe7+ Rf7 24. Ne6+ 1-0

[Event "DEM U14w 2004"]
[Site "Willingen GER"]
[Date "2004.05.30"]
[Round "2"]
[White "Jehle, Anja"]
[Black "Zikeli, Saskia"]
[Result "1/2-1/2"]
[Termination "normal"]
[Board "2"]
[WhiteElo "1582"]
[BlackElo "1884"]
[PlyCount "45"]
[WhiteFideId "24631434"]
[BlackFideId "24601543"]
[EventCountry "GER"]
[EventRounds "9"]
[EventType "swiss"]
[EventDate "2004.05.29"]

1. d4 Nf6 2. c4 c5 3. e3 e6 4. Nc3 cxd4 5. exd4 Bb4 6. Bd2 O-O 7. Nf3 b6 8. Bd3
Ba6 9. a3 Be7 10. O-O d5 11. Qe2 dxc4 12. Bxc4 Bxc4 13. Qxc4 Nbd7 14. Be3 Rc8
15. Qe2 Qc7 16. Rac1 Qb7 17. Rfd1 Nd5 18. Nxd5 Qxd5 19. Rxc8 Rxc8 20. Rc1 Rxc1+
21. Bxc1 Bf6 22. Be3 Qc6 23. Qd2 1/2-1/2

[Event "DEM U14w 2004"]
[Site "Willingen GER"]
[Date "2004.05.30"]
[Round "2"]
[White "Mader, Manuela"]
[Black "Weber, Kristina"]
[Result "1-0"]
[Termination "normal"]
[Board "3"]
[WhiteElo "1829"]
[BlackElo "1482"]
[PlyCount "35"]
[WhiteFideId "24612928"]
[EventCountry "GER"]
[EventRounds "9"]
[EventType "swiss"]
[EventDate "2004.05.29"]

1. d4 e6 2. Nf3 d5 3. e3 c5 4. c3 Nc6 5. Bd3 Nf6 6. O-O Be7 7. Nbd2 O-O 8. dxc5
Bxc5 9. e4 d4 10. Nb3 Bb6 11. e5 Nd7 12. cxd4 Nxd4 13. Nbxd4 Bxd4 14. Nxd4 Nxe5
15. Bxh7+ Kh8 16. Qh5 Qf6 17. Bg6+ Kg8 18. Qh7# 1-0

[Event "DEM U14w 2004"]
[Site "Willingen GER"]
[Date "2004.05.30"]
[Round "2"]
[White "Weiß, Katharina"]
[Black "Jussupow, Ekaterina"]
[Result "1/2-1/2"]
[Termination "normal"]
[Board "4"]
[WhiteElo "1567"]
[BlackElo "1722"]
[PlyCount "51"]
[WhiteFideId "24692859"]
[BlackFideId "24625400"]
[EventCountry "GER"]
[EventRounds "9"]
[EventType "swiss"]
[EventDate "2004.05.29"]

1. e4 e5 2. Nf3 Nc6 3. Nc3 d6 4. d4 Bd7 5. Bc4 h6 6. O-O Nf6 7. Re1 Be7 8. d5
Nb8 9. h3 Nh7 10. Be3 O-O 11. Ne2 f5 12. exf5 Bxf5 13. Ng3 Bg6 14. Bd3 Qe8 15.
c4 Nd7 16. Rc1 h5 17. Bxg6 Qxg6 18. Qc2 Qf7 19. Ne4 c6 20. Red1 cxd5 21. Rxd5
Qe6 22. Qd1 Ndf6 23. Nxf6+ Nxf6 24. Rd3 b6 25. Bd2 Ne4 26. Be1 1/2-1/2

[Event "DEM U14w 2004"]
[Site "Willingen GER"]
[Date "2004.05.30"]
[Round "2"]
[White "Gahn, Cornelia"]
[Black "Goergen, Barbara"]
[Result "1/2-1/2"]
[Termination "normal"]
[Board "5"]
[WhiteElo "1457"]
[BlackElo "1666"]
[PlyCount "33"]
[EventCountry "GER"]
[EventRounds "9"]
[EventType "swiss"]
[EventDate "2004.05.29"]

1. e4 c5 2. Nf3 e6 3. d4 cxd4 4. Nxd4 Nc6 5. Nc3 a6 6. Be2 Nge7 7. Be3 Nxd4 8.
Bxd4 Nc6 9. f4 Nxd4 10. Qxd4 Qc7 11. g3 b5 12. a3 Qc5 13. Qxc5 Bxc5 14. O-O-O
Bb7 15. Rhf1 O-O-O 16. Bf3 d6 17. b4 1/2-1/2

[Event "DEM U14w 2004"]
[Site "Willingen GER"]
[Date "2004.05.30"]
[Round "2"]
[White "Bäßler, Maike"]
[Black "Hoffmann, Lena"]
[Result "0-1"]
[Termination "normal"]
[Board "6"]
[WhiteElo "884"]
[BlackElo "1589"]
[PlyCount "104"]
[BlackFideId "24626597"]
[EventCountry "GER"]
[EventRounds "9"]
[EventType "swiss"]
[EventDate "2004.05.29"]

1. e4 c5 2. Nf3 d6 3. d4 cxd4 4. Nxd4 Nf6 5. Nc3 a6 6. Be3 e5 7. Nf3 Be7 8. Be2
Be6 9. O-O O-O 10. Qd2 Nc6 11. Rad1 Qc7 12. Rfe1 Rfd8 13. Na4 Nd7 14. b3 b5 15.
Nc3 Nc5 16. Qc1 b4 17. Na4 Nxa4 18. bxa4 Qa5 19. Qb2 Qxa4 20. c4 bxc3 21. Qxc3
d5 22. exd5 Bxd5 23. Nxe5 Bb4 24. Qb2 Bxe1 25. Nxc6 Qxc6 26. Rxe1 Bxg2 27. Qe5
Qg6 28. Bh5 Qe4 29. Qg5 Qd5 30. Qxg2 Qxh5 31. Bg5 Re8 32. Rxe8+ Rxe8 33. h3
Qd1+ 34. Kh2 Qd6+ 35. Qg3 Qxg3+ 36. fxg3 Re2+ 37. Kg1 Rxa2 38. Kf1 f6 39. Be3
Kf7 40. Ke1 Ke6 41. Kd1 Kd5 42. Kc1 Ke4 43. Bf4 g6 44. Bb8 Rh2 45. Kd1 Rxh3 46.
Ke2 Rh2+ 47. Kf1 Kf3 48. Kg1 Rg2+ 49. Kh1 Rxg3 50. Bd6 Rg4 51. Be7 Kf2 52. Bxf6
Rh4+ 0-1

[Event "DEM U14w 2004"]
[Site "Willingen GER"]
[Date "2004.05.30"]
[Round "2"]
[White "Zier, Verena"]
[Black "Hofmann, Christine"]
[Result "1/2-1/2"]
[Termination "normal"]
[Board "7"]
[WhiteElo "1605"]
[BlackElo "1607"]
[PlyCount "122"]
[WhiteFideId "24620602"]
[EventCountry "GER"]
[EventRounds "9"]
[EventType "swiss"]
[EventDate "2004.05.29"]

1. d4 d5 2. c4 c6 3. Nc3 Nf6 4. Nf3 dxc4 5. a4 Bf5 6. e3 e6 7. Bxc4 Be7 8. O-O
O-O 9. Qe2 c5 10. Rd1 Qc8 11. e4 Bg4 12. d5 exd5 13. exd5 Re8 14. Qd3 Bd6 15.
Re1 Bxf3 16. Rxe8+ Qxe8 17. gxf3 Qe5 18. f4 Qh5 19. Nb5 Ne8 20. Qe2 Qg6+ 21.
Kf1 Nd7 22. Nxa7 Nef6 23. Nb5 Re8 24. Qd3 Qxd3+ 25. Bxd3 Bb8 26. Bf5 Nb6 27. d6
Rd8 28. Be3 Bxd6 29. Nxd6 Rxd6 30. Bxc5 Rd5 31. Bxh7+ Kxh7 32. Bxb6 Rf5 33. Be3
Nd5 34. Rc1 Nxf4 35. Bxf4 Rxf4 36. Rc7 Rxa4 37. Rxb7 Kg6 38. Ke2 Kf6 39. Kf3
Ra1 40. Rb4 Ke6 41. Rb6+ Ke5 42. Rb7 Ke6 43. Kg2 Rb1 44. h4 Rd1 45. Kg3 Rd3+
46. f3 Rd4 47. b4 Rd1 48. b5 Rb1 49. b6 Rb4 50. Rb8 Kd7 51. b7 Kc6 52. Rg8 Rxb7
53. Rxg7 Kd6 54. h5 Ke6 55. Rg4 Rb5 56. h6 Kf6 57. h7 Rh5 58. Rh4 Rxh4 59. Kxh4
Kg7 60. Kg5 Kxh7 61. Kf6 Kg8 1/2-1/2

[Event "DEM U14w 2004"]
[Site "Willingen GER"]
[Date "2004.05.30"]
[Round "2"]
[White "Karmann, Anna"]
[Black "Billing, Tanja"]
[Result "1-0"]
[Termination "normal"]
[Board "8"]
[WhiteElo "1457"]
[BlackElo "1449"]
[PlyCount "59"]
[WhiteFideId "24648000"]
[BlackFideId "24647993"]
[EventCountry "GER"]
[EventRounds "9"]
[EventType "swiss"]
[EventDate "2004.05.29"]

1. c4 c5 2. Nc3 Nc6 3. g3 e6 4. Bg2 Nge7 5. e3 d5 6. cxd5 exd5 7. d4 cxd4 8.
exd4 Be6 9. Nge2 Nf5 10. O-O Bb4 11. a3 Ba5 12. Be3 Bb6 13. Na4 O-O 14. Qd2 Re8
15. Rac1 Nxe3 16. fxe3 Bg4 17. Nf4 Be6 18. Nxb6 axb6 19. Qf2 Qd7 20. Rc3 Na5
21. Rfc1 Nc6 22. Qf3 Ne7 23. Rc7 Qb5 24. Qf2 Rab8 25. Nxe6 fxe6 26. Bh3 Kh8 27.
Qf7 Nf5 28. Bxf5 Rg8 29. Bxe6 Qe2 30. Qf2 1-0

[Event "DEM U14w 2004"]
[Site "Willingen GER"]
[Date "2004.05.30"]
[Round "2"]
[White "Hannes, Diana"]
[Black "van Orsouw, Svenja"]
[Result "1/2-1/2"]
[Termination "normal"]
[Board "9"]
[WhiteElo "1692"]
[BlackElo "1484"]
[PlyCount "35"]
[WhiteFideId "24611344"]
[BlackFideId "24677124"]
[EventCountry "GER"]
[EventRounds "9"]
[EventType "swiss"]
[EventDate "2004.05.29"]

1. e4 c5 2. Nf3 Nc6 3. d4 cxd4 4. Nxd4 Nf6 5. Nc3 e5 6. Ndb5 d6 7. Bg5 a6 8.
Na3 Be7 9. Nc4 Nd4 10. f4 b5 11. fxe5 dxe5 12. Nxe5 Bb7 13. Bxf6 Bxf6 14. Nf3
b4 15. Nxd4 Qxd4 16. Qxd4 Bxd4 17. Nd1 Bxe4 18. Rc1 1/2-1/2

[Event "DEM U14w 2004"]
[Site "Willingen GER"]
[Date "2004.05.30"]
[Round "2"]
[White "Erben, Larissa"]
[Black "Kuhn, Alena"]
[Result "1-0"]
[Termination "normal"]
[Board "10"]
[WhiteElo "1651"]
[BlackElo "1401"]
[PlyCount "93"]
[WhiteFideId "24634590"]
[EventCountry "GER"]
[EventRounds "9"]
[EventType "swiss"]
[EventDate "2004.05.29"]

1. e4 e6 2. d4 d5 3. exd5 exd5 4. Nf3 Bd6 5. c4 Nf6 6. Nc3 O-O 7. c5 Be7 8. Bd3
Bg4 9. h3 Bh5 10. g4 Bg6 11. Bxg6 hxg6 12. O-O Nc6 13. Bg5 Re8 14. Re1 Qd7 15.
Ne5 Nxe5 16. Rxe5 c6 17. Qe2 Bd8 18. Re1 Bc7 19. Re3 Rxe3 20. Bxe3 Re8 21. Qf3
Ne4 22. Bc1 Nxc3 23. Qxc3 Re6 24. Rxe6 Qxe6 25. Qe3 Qxe3 26. Bxe3 Kf8 27. b4 a6
28. Kg2 Ke7 29. Kf3 Ke6 30. Bf4 Bxf4 31. Kxf4 f6 32. h4 Ke7 33. h5 Kf7 34. f3
gxh5 35. gxh5 g6 36. Kg4 Kg7 37. hxg6 Kxg6 38. Kf4 Kg7 39. Kf5 Kf7 40. f4 Ke7
41. Kg6 Ke6 42. f5+ Ke7 43. a3 Kf8 44. Kxf6 Ke8 45. Kg7 Ke7 46. f6+ Ke8 47. f7+
1-0

[Event "DEM U14w 2004"]
[Site "Willingen GER"]
[Date "2004.05.30"]
[Round "2"]
[White "Benzen, Marthe"]
[Black "Wolf, Carolin"]
[Result "1-0"]
[Termination "normal"]
[Board "11"]
[WhiteElo "1477"]
[BlackElo "1530"]
[PlyCount "51"]
[WhiteFideId "24647764"]
[BlackFideId "24628034"]
[EventCountry "GER"]
[EventRounds "9"]
[EventType "swiss"]
[EventDate "2004.05.29"]

1. e4 d5 2. exd5 Nf6 3. Bb5+ Bd7 4. Bc4 Bg4 5. f3 Bf5 6. Nc3 c6 7. Qe2 cxd5 8.
Bxd5 Nxd5 9. Qb5+ Qd7 10. Nxd5 Qxb5 11. Nc7+ Kd7 12. Nxb5 Bxc2 13. d4 Bd3 14.
Nc3 Nc6 15. Nge2 e5 16. dxe5 Nxe5 17. Bf4 Nc4 18. O-O-O Re8 19. Rxd3+ Kc8 20.
Nb5 Bc5 21. Nec3 a6 22. Ne4 Rxe4 23. fxe4 axb5 24. b3 Nb6 25. Rc3 Nd7 26. b4
1-0

[Event "DEM U14w 2004"]
[Site "Willingen GER"]
[Date "2004.05.30"]
[Round "2"]
[White "Stellwagen, Katja"]
[Black "Nekrassova, Ekatherina"]
[Result "0-1"]
[Termination "normal"]
[Board "12"]
[WhiteElo "1433"]
[BlackElo "1528"]
[PlyCount "134"]
[EventCountry "GER"]
[EventRounds "9"]
[EventType "swiss"]
[EventDate "2004.05.29"]

1. e4 c5 2. Nf3 e6 3. d4 cxd4 4. Nxd4 a6 5. Nc3 Nc6 6. Be3 Nf6 7. Qd2 Bb4 8. f3
d5 9. exd5 Nxd5 10. Nxc6 bxc6 11. Bc4 Qf6 12. Bxd5 cxd5 13. Qd4 Bxc3+ 14. Qxc3
Qxc3+ 15. bxc3 Rb8 16. Bc1 e5 17. Ba3 f6 18. O-O Bf5 19. Rfd1 Rb5 20. Rab1 Be6
21. Rxb5 axb5 22. Rb1 Bd7 23. Rd1 Bc6 24. Bb4 Kf7 25. Kf2 Rd8 26. Bc5 Ke6 27.
Ke3 Rc8 28. Bb4 Be8 29. a3 Bg6 30. Rc1 Rc4 31. Kd2 f5 32. Rb1 Be8 33. Ke3 f4+
34. Kd2 g5 35. h4 Kf5 36. Rh1 h5 37. Be7 g4 38. Bb4 e4 39. Ke2 Bc6 40. Rd1 Bb7
41. fxe4+ dxe4 42. Rd7 f3+ 43. gxf3 exf3+ 44. Kf2 Bc6 45. Rd6 Kf4 46. Rf6+ Ke5
47. Rh6 Be8 48. Bd6+ Kf5 49. Rh8 Re4 50. Bg3 Kf6 51. Rf8+ Kg7 52. Rf4 Re2+ 53.
Kf1 Rxc2 54. Re4 Bg6 55. Be5+ Kg8 56. Rd4 Bf7 57. a4 Bc4+ 58. Rxc4 bxc4 59. Bd4
Ra2 60. a5 Rxa5 61. Kf2 Kf7 62. Ke3 Ke6 63. Kf4 Rf5+ 64. Kg3 Kd5 65. Kf2 Rf4
66. Ke3 Re4+ 67. Kf2 Rxd4 0-1

[Event "DEM U14w 2004"]
[Site "Willingen GER"]
[Date "2004.05.30"]
[Round "2"]
[White "Dittrich, Jacqueline"]
[Black "Mai, Felicitas"]
[Result "1-0"]
[Termination "normal"]
[Board "13"]
[WhiteElo "1518"]
[BlackElo "1209"]
[PlyCount "81"]
[WhiteFideId "24666270"]
[BlackFideId "4635345"]
[EventCountry "GER"]
[EventRounds "9"]
[EventType "swiss"]
[EventDate "2004.05.29"]

1. Nc3 d5 2. e4 e6 3. Nf3 dxe4 4. Nxe4 Bd7 5. d4 Bc6 6. Bd3 Nd7 7. O-O Ngf6 8.
Qe2 Bd6 9. Nxd6+ cxd6 10. Re1 O-O 11. c3 Re8 12. Bf4 Nb6 13. Nd2 Re7 14. Bg5
Nbd7 15. Be4 d5 16. Bc2 Qc7 17. f4 h6 18. Bxf6 Nxf6 19. g3 Rc8 20. Nf3 Qb6 21.
Rab1 Bb5 22. Bd3 Bxd3 23. Qxd3 Ne4 24. Nd2 Nxd2 25. Qxd2 Rec7 26. Qf2 a5 27. f5
Rc6 28. fxe6 Rxe6 29. Rxe6 Qxe6 30. Re1 Qg6 31. Qe2 Rc4 32. Qe8+ Kh7 33. Qb5
Qc6 34. Qxc6 bxc6 35. Rc1 Ra4 36. a3 c5 37. dxc5 Rc4 38. b4 axb4 39. axb4 d4
40. Kf2 Rxc3 41. Rxc3 1-0